[Event "Athens Papanastasio op 13th"]
[Site "Athens"]
[Date "2023.09.12"]
[Round "2"]
[White "Alexakis, Georgios"]
[Black "Gkikopoulos, Alexandros"]
[Result "1-0"]
[WhiteElo "2192"]
[BlackElo "1332"]
[PlyCount "83"]
[EventDate "2023.09.11"]
[EventType "swiss"]
[EventRounds "7"]
[EventCountry "GRE"]
[SourceTitle "EXT 2024"]
[Source "ChessBase"]
[SourceDate "2023.10.10"]
[SourceVersion "1"]
[SourceVersionDate "2023.10.10"]
[SourceQuality "1"]

1. e4 e6 2. d4 d5 3. Nc3 Bb4 4. e5 c5 5. Bd2 Ne7 6. Nb5 Bxd2+ 7. Qxd2 0-0 8. f4 a6 9. Nd6 cxd4 10. Nf3 Nbc6 11. Bd3 f6 12. 0-0 Qb6 13. Qe2 Nb4 14. a3 Nxd3 15. cxd3 Bd7 16. Rac1 fxe5 17. fxe5 Nf5 18. Nxf5 Rxf5 19. Qf2 Raf8 20. Qxd4 Qxd4+ 21. Nxd4 Rxf1+ 22. Rxf1 Rxf1+ 23. Kxf1 Kf7 24. Ke2 Kg6 25. Ke3 Kg5 26. a4 b6 27. a5 bxa5 28. Nb3 Kf5 29. Kd4 a4 30. Nc5 Bb5 31. g4+ Kxg4 32. Nxe6 Kh3 33. Nxg7 Kxh2 34. e6 Kg3 35. e7 Kg4 36. e8Q Bxe8 37. Nxe8 h5 38. Nf6+ Kg5 39. Nxh5 Kxh5 40. Kxd5 Kg4 41. Kc5 Kf3 42. d4 1-0

[Event "GRE-chT 50th"]
[Site "Nikaia"]
[Date "2023.08.30"]
[Round "7.4"]
[White "Alexakis, Georgios"]
[Black "Botsari, Anna Maria"]
[Result "1-0"]
[WhiteElo "2188"]
[BlackElo "2237"]
[PlyCount "75"]
[EventDate "2023.08.25"]
[EventType "team"]
[EventRounds "9"]
[EventCountry "GRE"]
[SourceTitle "EXT 2024"]
[Source "ChessBase"]
[SourceDate "2023.10.10"]
[SourceVersion "1"]
[SourceVersionDate "2023.10.10"]
[SourceQuality "1"]
[WhiteTeam "Piraikos"]
[BlackTeam "Phisiolatris"]
[WhiteTeamCountry "GRE"]
[BlackTeamCountry "GRE"]

1. e4 c5 2. Nf3 e6 3. d4 cxd4 4. Nxd4 Nc6 5. Nc3 Qc7 6. f4 Nxd4 7. Qxd4 b6 8. Be3 Bb7 9. Be2 Nf6 10. Bf3 Bc5 11. Qd3 Bxe3 12. Qxe3 0-0 13. e5 Ne8 14. Bxb7 Qxb7 15. 0-0 d6 16. Rad1 dxe5 17. fxe5 Rc8 18. Rd4 Qc6 19. Kh1 Qc5 20. Qe4 b5 21. Rf3 f5 22. Qf4 a5 23. a3 Ra8 24. h4 b4 25. Rc4 Qb6 26. Na4 Qb5 27. Nc5 bxa3 28. bxa3 Rc8 29. Rb3 Qc6 30. Rbc3 Rd8 31. Nd3 Qb6 32. Kh2 Qa7 33. Rc5 Rf7 34. Qc4 Qe7 35. Rxa5 f4 36. Nxf4 Rd4 37. Qxd4 Qxh4+ 38. Rh3 1-0

[Event "GRE-chT 50th"]
[Site "Nikaia"]
[Date "2023.08.28"]
[Round "5.3"]
[White "Alexakis, Georgios"]
[Black "Georgakopoulos, Nikolaos K"]
[Result "1-0"]
[WhiteElo "2188"]
[BlackElo "2148"]
[PlyCount "134"]
[EventDate "2023.08.25"]
[EventType "team"]
[EventRounds "9"]
[EventCountry "GRE"]
[SourceTitle "EXT 2024"]
[Source "ChessBase"]
[SourceDate "2023.10.10"]
[SourceVersion "1"]
[SourceVersionDate "2023.10.10"]
[SourceQuality "1"]
[WhiteTeam "Piraikos"]
[BlackTeam "Khanion"]
[WhiteTeamCountry "GRE"]
[BlackTeamCountry "GRE"]

1. d4 d5 2. Bf4 Nf6 3. e3 e6 4. Nf3 Bd6 5. Bg3 0-0 6. Bd3 c5 7. c3 Qc7 8. Nbd2 Nbd7 9. Qe2 e5 10. dxe5 Nxe5 11. Nxe5 Bxe5 12. Nf3 Bd6 13. 0-0-0 Bg4 14. Bxd6 Qxd6 15. h3 Bxf3 16. gxf3 b5 17. Bxb5 Rab8 18. Bd3 Rb7 19. Rhg1 Rfb8 20. Rd2 Qe6 21. f4 a5 22. f5 Qe7 23. c4 Rb4 24. Rc2 dxc4 25. Bxc4 Ne8 26. a3 R4b6 27. Qd2 Qf6 28. Rg4 Nd6 29. Rf4 Qe5 30. f6 g6 31. h4 Nf5 32. h5 Rxf6 33. Qc3 Qe7 34. Rd2 Rd6 35. Rxd6 Qxd6 36. hxg6 hxg6 37. Bd3 Rd8 38. Bc2 Qd5 39. b3 Qh1+ 40. Kb2 Qd5 41. Qxa5 Ng7 42. Qc3 Rd6 43. a4 Qh5 44. a5 Ne6 45. Rc4 Qh2 46. Ra4 Ra6 47. f4 Qg2 48. f5 gxf5 49. Qd3 c4 50. Qxf5 Qg7+ 51. Ka2 Qc3 52. Qg4+ Kf8 53. Qxc4 Qd2 54. Kb2 Rxa5 55. Qc8+ Ke7 56. Qb7+ Kf8 57. Qb4+ Qxb4 58. Rxb4 Ra7 59. Rb8+ Ke7 60. b4 Kd6 61. Bb3 Kc7 62. Rh8 Rb7 63. Bxe6 Rxb4+ 64. Bb3 Re4 65. Rh3 f5 66. Rf3 Kd6 67. Bc2 Rf4 1-0

[Event "Chania Theodorakis Memorial 2nd"]
[Site "Chania"]
[Date "2023.04.21"]
[Round "7"]
[White "Tiviakov, Sergei"]
[Black "Alexakis, Georgios"]
[Result "1-0"]
[WhiteElo "2550"]
[BlackElo "2203"]
[PlyCount "93"]
[EventDate "2023.04.17"]
[EventType "swiss"]
[EventRounds "9"]
[EventCountry "GRE"]
[SourceTitle "EXT 2024"]
[Source "ChessBase"]
[SourceDate "2023.10.10"]
[SourceVersion "1"]
[SourceVersionDate "2023.10.10"]
[SourceQuality "1"]

1. e4 c5 2. Nf3 Nc6 3. c3 d5 4. exd5 Qxd5 5. d4 Bg4 6. dxc5 Qxd1+ 7. Kxd1 e5 8. Be3 Nf6 9. Be2 Nd5 10. b4 0-0-0 11. Ke1 Nf4 12. Bxf4 exf4 13. Ng5 Re8 14. f3 Bh5 15. Nd2 h6 16. Nh3 g5 17. Rc1 Bg6 18. Kf2 Bg7 19. Nc4 Kb8 20. Rhd1 Re7 21. Bd3 Bxd3 22. Rxd3 Rhe8 23. Ng1 Ne5 24. Nxe5 Rxe5 25. Rd2 h5 26. Ne2 a6 27. Rcc2 Kc7 28. Rd3 R8e7 29. Rcd2 Re3 30. Rd5 Be5 31. R5d3 g4 32. a4 Kc6 33. Kf1 f5 34. h3 gxh3 35. gxh3 a5 36. Kf2 Re8 37. Kg2 axb4 38. cxb4 Rg8+ 39. Kf2 Ra8 40. Nd4+ Bxd4 41. Rxd4 Rxa4 42. Rxf4 Re6 43. b5+ Kxb5 44. Rb2+ Ka5 45. Rxf5 Ka6 46. Rf8 Ka7 47. Rf7 1-0

[Event "Chania Theodorakis Memorial 1st"]
[Site "Chania"]
[Date "2022.04.27"]
[Round "4"]
[White "Bebis, Epaminondas Alexand"]
[Black "Alexakis, Georgios"]
[Result "0-1"]
[WhiteElo "1733"]
[BlackElo "2195"]
[PlyCount "114"]
[EventDate "2022.04.25"]
[EventType "swiss"]
[EventRounds "9"]
[EventCountry "GRE"]
[SourceTitle "CBM 208 Extra"]
[Source "ChessBase"]
[SourceDate "2022.07.31"]
[SourceVersion "1"]
[SourceVersionDate "2022.07.31"]
[SourceQuality "1"]

1. d4 Nf6 2. Bg5 e6 3. e3 Be7 4. Nd2 c5 5. c3 b6 6. Bd3 Bb7 7. Ngf3 cxd4 8. exd4 0-0 9. Qe2 d6 10. Ne4 Nbd7 11. 0-0 h6 12. Bf4 Nxe4 13. Bxe4 Bxe4 14. Qxe4 Nf6 15. Qd3 Qd7 16. Rfe1 b5 17. b3 Rfc8 18. Rac1 a5 19. c4 bxc4 20. bxc4 a4 21. Rb1 a3 22. Rb4 Ra4 23. Reb1 Rxb4 24. Rxb4 e5 25. dxe5 dxe5 26. Qxd7 Nxd7 27. Rb7 exf4 28. Rxd7 Bf6 29. Nd2 Bc3 30. Kf1 Bxd2 31. Rxd2 Rxc4 32. Ke2 g5 33. Kf3 Kg7 34. Rd3 Ra4 35. Kg4 Kg6 36. h3 f6 37. Rb3 h5+ 38. Kf3 Ra5 39. Rc3 Kf5 40. Rb3 Ke5 41. Rc3 f5 42. Rb3 g4+ 43. Ke2 h4 44. f3 g3 45. Rd3 Rb5 46. Rxa3 Rb2+ 47. Kf1 Rb1+ 48. Ke2 Rg1 49. Ra5+ Kf6 50. a4 Rxg2+ 51. Ke1 Rf2 52. Ra6+ Kg5 53. a5 Rxf3 54. Ra8 Ra3 55. a6 f3 56. a7 Kf4 57. Rh8 Rxa7 0-1

[Event "Chania Theodorakis Memorial 1st"]
[Site "Chania"]
[Date "2022.04.25"]
[Round "1"]
[White "Alexakis, Georgios"]
[Black "Benakis, Ioannis"]
[Result "1-0"]
[WhiteElo "2195"]
[BlackElo "1255"]
[PlyCount "33"]
[EventDate "2022.04.25"]
[EventType "swiss"]
[EventRounds "9"]
[EventCountry "GRE"]
[SourceTitle "CBM 208 Extra"]
[Source "ChessBase"]
[SourceDate "2022.07.31"]
[SourceVersion "1"]
[SourceVersionDate "2022.07.31"]
[SourceQuality "1"]

1. e4 d6 2. d4 Nf6 3. Nc3 g6 4. Nf3 Na6 5. Bf4 Bg7 6. Qd2 h6 7. Be2 c5 8. Bxa6 cxd4 9. Bb5+ Kf8 10. Qxd4 Nh5 11. e5 Nxf4 12. Qxf4 dxe5 13. Nxe5 Bf5 14. 0-0 Kg8 15. Rad1 Qb6 16. Bc4 e6 17. Bb3 1-0

[Event "GRE-chT Cup Final"]
[Site "Thessaloniki"]
[Date "2021.12.18"]
[Round "2.1"]
[White "Alexakis, Georgios"]
[Black "Grapsa, Georgia"]
[Result "1-0"]
[WhiteElo "2187"]
[BlackElo "1946"]
[PlyCount "87"]
[EventDate "2021.12.18"]
[EventType "team-k.o."]
[EventRounds "5"]
[EventCountry "GRE"]
[SourceTitle "CBM 205 Extra"]
[Source "ChessBase"]
[SourceDate "2022.01.31"]
[SourceVersion "1"]
[SourceVersionDate "2022.01.31"]
[SourceQuality "1"]
[WhiteTeam "Peiraikos OS"]
[BlackTeam "Amo Galaxias"]
[WhiteTeamCountry "GRE"]
[BlackTeamCountry "GRE"]

1. e4 c5 2. Nf3 d6 3. d4 cxd4 4. Qxd4 Nc6 5. Qe3 g6 6. c4 Bg7 7. h3 Nf6 8. Nc3 0-0 9. Be2 Nd7 10. 0-0 Nc5 11. Rd1 a5 12. Rb1 f5 13. exf5 Bxf5 14. Ra1 Kh8 15. Nb5 Qc8 16. Nfd4 Bd7 17. b3 Nxd4 18. Nxd4 Ne6 19. Bb2 Nf4 20. Bf3 Be5 21. Rab1 Bxh3 22. g3 Nh5 23. Ne2 Bxb2 24. Rxb2 Qf5 25. Bxb7 Rab8 26. Be4 Qe5 27. Qd4 Nf6 28. Qxe5 dxe5 29. Nc3 Bg4 30. Re1 Rfc8 31. Rd2 Rd8 32. Rxd8+ Rxd8 33. Bg2 Rd3 34. Nd5 Nd7 35. Nxe7 Rd2 36. Nc6 Rxa2 37. Nxe5 Nxe5 38. Rxe5 Ra1+ 39. Kh2 Ra3 40. Rb5 Bd1 41. c5 Bxb3 42. c6 Be6 43. Rc5 Ra2 44. Bh3 1-0

[Event "Kavala op 30th"]
[Site "Kavala"]
[Date "2021.08.06"]
[Round "7"]
[White "Konstantinidis, Konstantinos"]
[Black "Alexakis, Georgios"]
[Result "1-0"]
[WhiteElo "2057"]
[BlackElo "2259"]
[PlyCount "65"]
[EventDate "2021.08.01"]
[EventType "swiss"]
[EventRounds "9"]
[EventCountry "GRE"]
[SourceTitle "CBM 203 Extra"]
[Source "ChessBase"]
[SourceDate "2021.09.30"]
[SourceVersion "1"]
[SourceVersionDate "2021.09.30"]
[SourceQuality "1"]

1. e4 c5 2. Nf3 Nc6 3. d4 cxd4 4. Nxd4 Nf6 5. Nc3 e5 6. Ndb5 d6 7. Nd5 Nxd5 8. exd5 Nb8 9. a4 Be7 10. Be2 0-0 11. 0-0 f5 12. Bd2 a6 13. Na3 b6 14. a5 b5 15. c4 bxc4 16. Nxc4 Nd7 17. Bb4 Rf6 18. Qa4 Bb7 19. Qa3 Bxd5 20. Rfd1 Bxc4 21. Bxc4+ Kh8 22. Bxd6 Bxd6 23. Rxd6 Qc7 24. Rad1 Qxc4 25. Rxd7 h6 26. Qe7 Rg6 27. Qxe5 Qg4 28. g3 f4 29. R1d6 f3 30. Qd5 Rf8 31. Rd8 Qf4 32. Rxf8+ Qxf8 33. Rd8 1-0

[Event "Anogia Lasker Memorial 1st"]
[Site "Anogia"]
[Date "2019.09.18"]
[Round "8"]
[White "Avramidou, Anastasia"]
[Black "Alexakis, Georgios"]
[Result "1-0"]
[WhiteElo "2249"]
[BlackElo "2175"]
[PlyCount "123"]
[EventDate "2019.09.11"]
[EventType "tourn"]
[EventRounds "9"]
[EventCountry "GRE"]
[EventCategory "7"]
[SourceTitle "EXT 2020"]
[Source "ChessBase"]
[SourceDate "2019.10.17"]
[SourceVersion "1"]
[SourceVersionDate "2019.10.17"]
[SourceQuality "1"]

1. Nf3 Nf6 2. c4 e6 3. g3 d5 4. d4 Bb4+ 5. Bd2 Bd6 6. Nc3 c6 7. Bg2 Nbd7 8. b3 0-0 9. 0-0 b6 10. Qc2 Bb7 11. Rad1 Rc8 12. e4 dxe4 13. Nxe4 Nxe4 14. Qxe4 Qc7 15. Qh4 c5 16. Bc3 Bxf3 17. Bxf3 cxd4 18. Rxd4 Ne5 19. Bg2 Ng6 20. Qe4 Be5 21. Rd3 Bxc3 22. Rxc3 Rfd8 23. b4 Qd6 24. a3 a5 25. Rb1 axb4 26. axb4 Rc7 27. h4 h6 28. Bf1 Rdc8 29. Be2 Qe5 30. Qe3 Qxe3 31. Rxe3 Ne7 32. Ra3 Nc6 33. Bf1 Ne5 34. c5 bxc5 35. b5 Rb8 36. Bg2 Nd7 37. Ra8 Rxa8 38. Bxa8 Nb6 39. Bc6 Rc8 40. Ra1 Rb8 41. Kf1 Nd5 42. Ke2 Ne7 43. Kd3 Rb6 44. Kc4 Nxc6 45. Kxc5 Rxb5+ 46. Kxb5 Ne5 47. f4 Ng4 48. Kc6 g6 49. h5 gxh5 50. f5 exf5 51. Rf1 Kg7 52. Rxf5 Kg6 53. Rf4 f6 54. Kd6 Kg5 55. Ke6 Kg6 56. Rf5 Kg7 57. Rxh5 Kg6 58. Rf5 h5 59. Ra5 Kg7 60. Rxh5 Kg6 61. Rf5 Kg7 62. Rf4 1-0

[Event "Anogia Lasker Memorial 1st"]
[Site "Anogia"]
[Date "2019.09.11"]
[Round "1"]
[White "Nikolaidis, Ioannis"]
[Black "Alexakis, Georgios"]
[Result "1-0"]
[WhiteElo "2530"]
[BlackElo "2175"]
[PlyCount "79"]
[EventDate "2019.09.11"]
[EventType "tourn"]
[EventRounds "9"]
[EventCountry "GRE"]
[EventCategory "7"]
[SourceTitle "EXT 2020"]
[Source "ChessBase"]
[SourceDate "2019.10.17"]
[SourceVersion "1"]
[SourceVersionDate "2019.10.17"]
[SourceQuality "1"]

1. c4 e5 2. Nc3 Nc6 3. g3 f5 4. e3 Nf6 5. d4 Bb4 6. Nge2 0-0 7. Bg2 d6 8. 0-0 Bxc3 9. Nxc3 Kh8 10. d5 Ne7 11. f4 e4 12. b3 a5 13. Qd2 h5 14. Bb2 h4 15. Nb5 Bd7 16. Nd4 Qe8 17. gxh4 Qh5 18. Qf2 Ng6 19. Qg3 Nxh4 20. h3 Qh6 21. Rf2 Rf7 22. Kh1 Rg8 23. Qg5 Kh7 24. Rg1 Re8 25. Bf1 c5 26. dxc6 bxc6 27. Be2 c5 28. Qxh6+ gxh6 29. Nb5 Bxb5 30. cxb5 d5 31. Rc1 d4 32. Rxc5 dxe3 33. Rf1 Rd8 34. b6 Nd5 35. Rd1 Nxf4 36. Rc7 Rdf8 37. Rdd7 Kg6 38. Rxf7 Nxe2 39. Rxf8 Ng3+ 40. Kh2 1-0

[Event "Kavala op 28th"]
[Site "Kavala"]
[Date "2019.08.11"]
[Round "9"]
[White "Danielian, Elina"]
[Black "Alexakis, Georgios"]
[Result "1/2-1/2"]
[WhiteElo "2401"]
[BlackElo "2160"]
[PlyCount "158"]
[EventDate "2019.08.04"]
[EventType "swiss"]
[EventRounds "9"]
[EventCountry "GRE"]
[SourceTitle "CBM 191 Extra"]
[Source "ChessBase"]
[SourceDate "2019.09.30"]
[SourceVersion "1"]
[SourceVersionDate "2019.09.30"]
[SourceQuality "1"]

1. d4 f5 2. e4 fxe4 3. Nc3 Nf6 4. Bg5 g6 5. d5 Bg7 6. Bc4 d6 7. Nge2 0-0 8. Nd4 Kh8 9. 0-0 c6 10. Bxf6 exf6 11. Nxe4 f5 12. Nc3 Qf6 13. Nf3 b5 14. Bb3 b4 15. Ne2 c5 16. Nf4 Na6 17. Re1 Nc7 18. Rb1 Bh6 19. Ne6 Bxe6 20. dxe6 Qe7 21. Bd5 Rad8 22. Qd3 Rf6 23. a3 Nxd5 24. Qxd5 Re8 25. axb4 Rxe6 26. g3 Re4 27. bxc5 dxc5 28. Ra1 Bg7 29. c3 Bf6 30. Qc6 Rb8 31. Rxe4 fxe4 32. Re1 Rxb2 33. Rxe4 Qf7 34. Rf4 Rb6 35. Qxc5 Qe7 36. Qc8+ Kg7 37. Rc4 Rb7 38. Kg2 a5 39. Qc6 Ra7 40. h4 h5 41. Nd4 Bxd4 42. cxd4 Rd7 43. d5 Qd8 44. Rd4 Rd6 45. Qb7+ Rd7 46. Qb5 Rd6 47. Qc5 Kh6 48. Qc1+ Kh7 49. Qf4 Qd7 50. Qe5 a4 51. Rxa4 Rxd5 52. Qe4 Rf5 53. Rd4 Qf7 54. Rd2 Rf6 55. Qa8 Rb6 56. Qd8 Rb7 57. Rd3 Ra7 58. Re3 Qb7+ 59. Kh2 Qf7 60. Re2 Rd7 61. Qg5 Ra7 62. Kg2 Qb7+ 63. f3 Qf7 64. g4 hxg4 65. Qxg4 Ra2 66. Rxa2 Qxa2+ 67. Kg3 Qd5 68. Qe4 Qd6+ 69. f4 Qb6 70. Qe7+ Kg8 71. Qe8+ Kg7 72. Qd7+ Kh6 73. Kf3 Qg1 74. Qh3 Qd1+ 75. Ke4 Qa4+ 76. Ke5 Qb5+ 77. Kf6 Qb2+ 78. Kf7 Qb7+ 79. Kf6 Qb2+ 1/2-1/2

[Event "Kavala op 28th"]
[Site "Kavala"]
[Date "2019.08.10"]
[Round "8"]
[White "Alexakis, Georgios"]
[Black "Avramidou, Anastasia"]
[Result "1/2-1/2"]
[WhiteElo "2160"]
[BlackElo "2246"]
[PlyCount "106"]
[EventDate "2019.08.04"]
[EventType "swiss"]
[EventRounds "9"]
[EventCountry "GRE"]
[SourceTitle "CBM 191 Extra"]
[Source "ChessBase"]
[SourceDate "2019.09.30"]
[SourceVersion "1"]
[SourceVersionDate "2019.09.30"]
[SourceQuality "1"]

1. d4 Nf6 2. Bf4 e6 3. Nf3 d5 4. e3 c5 5. c3 Nc6 6. Nbd2 cxd4 7. exd4 Nh5 8. Bg3 Nxg3 9. hxg3 Bd6 10. Bd3 h6 11. Qe2 Bd7 12. g4 Qe7 13. 0-0-0 0-0-0 14. Kb1 Kb8 15. Ne5 Bxe5 16. dxe5 d4 17. c4 Nb4 18. Rh3 Bc6 19. Be4 d3 20. Bxd3 Bxg2 21. Rg3 Nxd3 22. Rxd3 Rxd3 23. Qxd3 Rd8 24. Qe2 Qd7 25. Kc1 Bc6 26. Rg1 Qd4 27. Rg3 a6 28. Nb3 Qf4+ 29. Re3 Ba4 30. Nd2 Qh2 31. b3 Bc6 32. a4 Qf4 33. Kc2 Qg5 34. a5 Rd4 35. f3 Qd8 36. b4 g6 37. Rd3 h5 38. gxh5 gxh5 39. Qe3 Rxd3 40. Qxd3 Qc7 41. f4 h4 42. Qh3 Qd8 43. Kc3 Qh8 44. Kd4 Qh5 45. Ke3 Qh6 46. b5 axb5 47. cxb5 Qf8 48. Qxh4 Qc5+ 49. Ke2 Bxb5+ 50. Kd1 Ba4+ 51. Ke2 Bb5+ 52. Kd1 Qg1+ 53. Kc2 Qc5+ 1/2-1/2

[Event "Kavala op 28th"]
[Site "Kavala"]
[Date "2019.08.06"]
[Round "4"]
[White "Alexakis, Georgios"]
[Black "Giannoulakis, Labros"]
[Result "0-1"]
[WhiteElo "2160"]
[BlackElo "2306"]
[PlyCount "82"]
[EventDate "2019.08.04"]
[EventType "swiss"]
[EventRounds "9"]
[EventCountry "GRE"]
[SourceTitle "CBM 191 Extra"]
[Source "ChessBase"]
[SourceDate "2019.09.30"]
[SourceVersion "1"]
[SourceVersionDate "2019.09.30"]
[SourceQuality "1"]

1. d4 Nf6 2. Bf4 g6 3. Nc3 d5 4. e3 a6 5. Nf3 Bg7 6. h4 h6 7. Ne5 Be6 8. Be2 c5 9. Bf3 Qa5 10. Qd2 Nc6 11. 0-0-0 0-0 12. Kb1 Qd8 13. dxc5 h5 14. Nxc6 bxc6 15. e4 Qc8 16. exd5 cxd5 17. Qe3 Qc6 18. Be5 Rfd8 19. Ne2 Rac8 20. Bd4 Ne8 21. c3 Bf8 22. Ka1 Nc7 23. Bxh5 Bf5 24. Bf3 f6 25. g4 Be4 26. Bxe4 dxe4 27. c4 e5 28. Bc3 Ne6 29. Ng3 Nxc5 30. g5 f5 31. Bxe5 Rxd1+ 32. Rxd1 Nd3 33. f4 Qxc4 34. Ne2 Bc5 35. Bd4 Nb4 36. Qb3 Nc2+ 37. Kb1 Qxb3 38. axb3 Nxd4 39. Nxd4 Rd8 40. Rc1 Bxd4 41. Rc6 Kf7 0-1

[Event "Kavala op 28th"]
[Site "Kavala"]
[Date "2019.08.05"]
[Round "2"]
[White "Alexakis, Georgios"]
[Black "Sadykov, Ramil"]
[Result "0-1"]
[WhiteElo "2160"]
[BlackElo "2332"]
[PlyCount "112"]
[EventDate "2019.08.04"]
[EventType "swiss"]
[EventRounds "9"]
[EventCountry "GRE"]
[SourceTitle "CBM 191 Extra"]
[Source "ChessBase"]
[SourceDate "2019.09.30"]
[SourceVersion "1"]
[SourceVersionDate "2019.09.30"]
[SourceQuality "1"]

1. e4 e6 2. d4 d5 3. Nc3 Bb4 4. e5 Qd7 5. f4 b6 6. Nf3 Ne7 7. Bd3 Ba6 8. 0-0 Bxc3 9. bxc3 Qa4 10. Be3 h5 11. Qe2 Bc4 12. Nd2 b5 13. Nb3 Nd7 14. Qf3 g6 15. g3 Nc8 16. h3 Ncb6 17. g4 hxg4 18. hxg4 0-0-0 19. Kg2 Rh7 20. Bf2 Qa3 21. Bg3 Rg8 22. Rfb1 c6 23. Qe3 Kc7 24. Qd2 Rgh8 25. Nc1 Rh1 26. Nb3 Rxb1 27. Rxb1 Na4 28. Rf1 Qxa2 29. Nc1 Qb2 30. Ne2 Bxd3 31. Qxd3 Nab6 32. f5 gxf5 33. gxf5 Nc4 34. fxe6 fxe6 35. Nf4 Nf8 36. Re1 Na3 37. Re2 Qc1 38. Nh3 Qh6 39. Nf2 Ng6 40. Qf3 Rf8 41. Qg4 Ne7 42. Qh3 Qxh3+ 43. Nxh3 a5 44. Nf4 Kd7 45. Nd3 Nf5 46. Bf4 Rg8+ 47. Kf1 a4 48. Rh2 Ke7 49. Rh7+ Rg7 50. Rh8 Nxc2 51. Ra8 Rg4 52. Ra7+ Ke8 53. Bc1 Ng3+ 54. Kf2 Ne4+ 55. Kf1 Nxc3 56. Bb2 Nd1 0-1

[Event "GRE-ch U18"]
[Site "Rethymno"]
[Date "2019.01.07"]
[Round "8"]
[White "Alexakis, Dimitris"]
[Black "Alexakis, Georgios"]
[Result "0-1"]
[WhiteElo "2257"]
[BlackElo "2113"]
[PlyCount "42"]
[EventDate "2019.01.02"]
[EventType "swiss"]
[EventRounds "9"]
[EventCountry "GRE"]
[SourceTitle "CBM 188 Extra"]
[Source "ChessBase"]
[SourceDate "2019.02.26"]
[SourceVersion "1"]
[SourceVersionDate "2019.02.26"]
[SourceQuality "1"]

1. e4 e5 2. Nf3 Nc6 3. d4 exd4 4. Nxd4 Nf6 5. Nc3 Bb4 6. Nxc6 bxc6 7. Bd3 d5 8. exd5 cxd5 9. 0-0 0-0 10. Bg5 c6 11. Ne2 Bd6 12. Nd4 c5 13. Nc6 Qc7 14. Bxf6 Qxc6 15. Bxh7+ Kxh7 16. Qh5+ Kg8 17. Qg5 Bxh2+ 18. Kxh2 Qxf6 19. Qxd5 Ba6 20. c4 Qh4+ 21. Kg1 Bxc4 0-1

[Event "Kavala op 27th"]
[Site "Kavala"]
[Date "2018.08.11"]
[Round "9"]
[White "Alexakis, Georgios"]
[Black "Schitco, Ivan"]
[Result "0-1"]
[WhiteElo "2056"]
[BlackElo "2377"]
[PlyCount "74"]
[EventDate "2018.08.05"]
[EventType "swiss"]
[EventRounds "9"]
[EventCountry "GRE"]
[SourceTitle "CBM 186 Extra"]
[Source "ChessBase"]
[SourceDate "2018.08.24"]
[SourceVersion "1"]
[SourceVersionDate "2018.08.24"]
[SourceQuality "1"]

1. e4 d6 2. d4 Nf6 3. Nc3 g6 4. f3 c6 5. Be3 Nbd7 6. Qd2 b5 7. g4 Bg7 8. a3 Nb6 9. h4 h5 10. g5 Nfd7 11. f4 Nc4 12. Bxc4 bxc4 13. Nge2 Nb6 14. Ng3 d5 15. e5 Bg4 16. 0-0 e6 17. Nce2 a5 18. Kh2 0-0 19. Rac1 Qc7 20. c3 Rfb8 21. Rc2 Na4 22. Rb1 Rb3 23. Nc1 Rb6 24. b4 cxb3 25. Rxb3 Rab8 26. Rxb6 Nxb6 27. Ra2 Nc4 28. Qf2 Bf8 29. a4 Qb6 30. Nf1 Qb1 31. Nd2 Qxc1 32. Nxc4 Qxc3 33. Rc2 Qa1 34. Nxa5 Rb1 35. Ra2 Rh1+ 36. Kg2 Qb1 37. Rc2 Bf5 0-1

[Event "Kavala op 27th"]
[Site "Kavala"]
[Date "2018.08.08"]
[Round "6"]
[White "Tsolakidou, Stavroula"]
[Black "Alexakis, Georgios"]
[Result "1/2-1/2"]
[WhiteElo "2418"]
[BlackElo "2056"]
[PlyCount "89"]
[EventDate "2018.08.05"]
[EventType "swiss"]
[EventRounds "9"]
[EventCountry "GRE"]
[SourceTitle "CBM 186 Extra"]
[Source "ChessBase"]
[SourceDate "2018.08.24"]
[SourceVersion "1"]
[SourceVersionDate "2018.08.24"]
[SourceQuality "1"]

1. Nf3 Nf6 2. c4 e6 3. g3 d5 4. Bg2 Be7 5. d4 0-0 6. 0-0 c6 7. Qc2 Nbd7 8. Nbd2 b6 9. e4 dxe4 10. Nxe4 Bb7 11. Rd1 Nxe4 12. Qxe4 Nf6 13. Qe2 Qc8 14. Bf4 Re8 15. Bh3 Bf8 16. Qc2 Qd8 17. Bg2 Qc8 18. Bg5 h6 19. Bxf6 gxf6 20. c5 Qc7 21. b4 b5 22. a4 a6 23. Nd2 f5 24. Nb3 Bg7 25. Ra2 Red8 26. Qb2 e5 27. Qb1 exd4 28. axb5 axb5 29. Rad2 Rd7 30. Qxf5 Ra4 31. Nxd4 Rxb4 32. Ne2 Rxd2 33. Rxd2 Bc8 34. Qd3 Bf8 35. h4 Rc4 36. Nc3 Be6 37. Ne4 Bxc5 38. Nf6+ Kf8 39. Qh7 Ke7 40. Qh8 Bd6 41. Re2 Bxg3 42. Ng8+ Kd7 43. Nf6+ Ke7 44. Ng8+ Kd7 45. Nf6+ 1/2-1/2

[Event "Kavala op 27th"]
[Site "Kavala"]
[Date "2018.08.05"]
[Round "1"]
[White "Alexakis, Georgios"]
[Black "Mastrovasilis, Athanasios"]
[Result "0-1"]
[WhiteElo "2056"]
[BlackElo "2518"]
[PlyCount "112"]
[EventDate "2018.08.05"]
[EventType "swiss"]
[EventRounds "9"]
[EventCountry "GRE"]
[SourceTitle "CBM 186 Extra"]
[Source "ChessBase"]
[SourceDate "2018.08.24"]
[SourceVersion "1"]
[SourceVersionDate "2018.08.24"]
[SourceQuality "1"]

1. e4 Nc6 2. d4 d6 3. Be3 g6 4. Nc3 Bg7 5. Qd2 a6 6. f3 e5 7. d5 Nce7 8. a4 f5 9. h3 f4 10. Bf2 Nf6 11. h4 Nh5 12. Bc4 h6 13. Nge2 Bd7 14. a5 Bf6 15. Qd3 Kf8 16. b4 Kg7 17. Kd2 g5 18. hxg5 hxg5 19. Rhb1 Ng3 20. Nxg3 fxg3 21. Bxg3 g4 22. Ne2 Ng6 23. c3 Bh4 24. Bxh4 Rxh4 25. Kc2 Rh2 26. Kb3 Qg5 27. Rg1 Rf8 28. Raf1 g3 29. Qd1 Nf4 30. Nxf4 Qxf4 31. Re1 Rb8 32. Qc1 Qxc1 33. Rxc1 Kf6 34. Rce1 Kg5 35. Re2 Kf4 36. Kc2 Rbh8 37. Kd3 Rh1 38. Ree1 Rxg1 39. Rxg1 Rh2 40. Bb3 Bh3 41. gxh3 g2 42. Ba4 Kxf3 43. Bd7 Rh1 44. Rxg2 Kxg2 45. Bc8 b6 46. axb6 cxb6 47. Bxa6 Rxh3+ 48. Kc4 Kf3 49. Bc8 Rh4 50. Kb5 Rxe4 51. Be6 Rf4 52. c4 e4 53. c5 bxc5 54. bxc5 e3 55. cxd6 e2 56. d7 Rf8 0-1

[Event "GRE-chT 46th"]
[Site "Rio Achaia"]
[Date "2018.07.15"]
[Round "7.3"]
[White "Zisiadis, Dimitrios"]
[Black "Alexakis, Georgios"]
[Result "1-0"]
[WhiteElo "2075"]
[BlackElo "2045"]
[PlyCount "109"]
[EventDate "2018.07.10"]
[EventType "team"]
[EventRounds "7"]
[EventCountry "GRE"]
[SourceTitle "CBM 185 Extra"]
[Source "ChessBase"]
[SourceDate "2018.07.29"]
[SourceVersion "1"]
[SourceVersionDate "2018.07.29"]
[SourceQuality "1"]
[WhiteTeam "Kavalas"]
[BlackTeam "Piraikos"]
[WhiteTeamCountry "GRE"]
[BlackTeamCountry "GRE"]

1. Nf3 Nf6 2. g3 e6 3. Bg2 d5 4. 0-0 Bd6 5. d3 0-0 6. Nbd2 e5 7. e4 c6 8. b3 Re8 9. Bb2 Nbd7 10. Re1 Qc7 11. Nh4 Nf8 12. Nf5 Bxf5 13. exf5 b5 14. Qf3 N8d7 15. h3 Nc5 16. Qe3 a5 17. a3 Rad8 18. Qg5 Nfd7 19. Re2 Be7 20. Qe3 f6 21. Rae1 Nb7 22. Qf3 Nb6 23. Qg4 Bd6 24. f4 c5 25. Nf3 Nd7 26. fxe5 Nxe5 27. Nxe5 Bxe5 28. Bxe5 fxe5 29. f6 g6 30. Qg5 e4 31. dxe4 Re5 32. Qf4 d4 33. Rf2 Rf8 34. h4 Nd8 35. Bh3 Qd6 36. Ref1 Nf7 37. Kh2 c4 38. bxc4 bxc4 39. Qf3 Rd8 40. Rd1 Qc6 41. Bg2 Rd6 42. Rfd2 Rxf6 43. Qe2 Qc5 44. Rxd4 Qxa3 45. Qxc4 Kg7 46. Rd7 g5 47. Rf1 Rxf1 48. Qxf1 Qf8 49. hxg5 Rxg5 50. Qf4 Rg6 51. e5 Rh6+ 52. Bh3 Qe8 53. Qf5 Kg8 54. e6 Nd8 55. Qg5+ 1-0